A sporttorna elmélete és gyakorlata
Elmentve itt :
| Szerzők: | |
|---|---|
| Dokumentumtípus: | Könyv |
| Megjelent: |
2011
|
| Kulcsszavak: | torna sport |
| Tárgyszavak: | |
| Online Access: | http://eta.bibl.u-szeged.hu/1634 |
| LEADER | 00726nnm a2200229 i 4500 | ||
|---|---|---|---|
| 001 | eta1634 | ||
| 005 | 20190207103107.0 | ||
| 008 | 190207s2011 hu o 0|| hun d | ||
| 040 | |a SZTE Elektronikus Tananyag Archívum |b hun | ||
| 041 | |a hun | ||
| 100 | 1 | |a Honfi László | |
| 245 | 1 | 2 | |a A sporttorna elmélete és gyakorlata |h [elektronikus dokumentum] / |c Honfi László |
| 260 | |c 2011 | ||
| 300 | |a 222 | ||
| 516 | |a Book | ||
| 650 | 4 | |a Orvos- és egészségtudomány | |
| 650 | 4 | |a Egészségtudományok | |
| 650 | 4 | |a Sport és fitnesztudományok | |
| 695 | |a torna | ||
| 695 | |a sport | ||
| 700 | 0 | 1 | |a Szatmári Zoltán |e aut |
| 856 | 4 | 0 | |u https://eta.bibl.u-szeged.hu/1634/1/a_sporttorna_elmelete_es_gyakorlata.pdf |z Dokumentum-elérés |